Statistics for Famous Egyptians

Click here to take the quiz!

General Stats

  • This quiz has been taken 218 times
  • The average score is 4 of 14

Answer Stats

HintAnswer% Correct
Lover of Mark AntonyCleopatra
79%
Dictator from 1981 to 2011Hosni Mubarak
75%
Pharaoh of Egypt from 1332-1323 BC. Famous for the treasures in his tomb, especially his ornate death mask.Tutankhamen
64%
President from 1970 until his assassination in 1981Anwar Sadat
63%
Actor who starred in "Lawrence of Arabia", "Doctor Zhivago" and "Funny Girl"Omar Sharif
36%
Boyfriend of Diana, Princess of Wales with whom he died in 1997Dodi Fayed
31%
Father of GeometryEuclid
24%
Wrestler who won gold at the 2004 Olympic GamesKaram Gaber
12%
Famous Egyptologist and Minister of Antiquities from January-March 2011Zahi Hawass
11%
Last King of Egypt and current pretenderFuad II
10%
Chief hijacker of American Airways 11 on September 11th, 2001Mohammed Atta
10%
Adolf Hitler's first deputyRudolf Hess
9%
Islamist executed for plotting the assassination of President Nasser, 1966Sayyid Qutb
9%
Chief assassin of the aboveKhalid Islambouli
5%

Score Distribution

Percentile by Number Answered

Percent of People with Each Score

Your Score History

You have not taken this quiz